000 00313nam a2200121Ia 4500
008 190722s9999 xx 000 0 und d
020 _a978-969-637-083-3
100 _aSaira Afzal
245 0 _aResearch Methodology and Basic Biostatistics
260 _aKarachi
_bParamount
_c2015
300 _a179
942 _cBK
999 _c1204
_d1204